Movie Cities - Statistics

General Stats
  • This quiz has been taken 50,940 times
    19,931 since last reset
  • The average score is 12 of 22
Answer Stats
Movies City % Correct
Ghostbusters / Spider-Man New York City
98%
La Dolce Vita / Gladiator Rome
89%
Moulin Rouge / Amelie Paris
87%
Lost in Translation / Godzilla Tokyo
86%
V for Vendetta / Love Actually London
74%
Pulp Fiction / Clueless Los Angeles
70%
Ferris Bueller's Day Off / The Blues Brothers Chicago
63%
The Departed / Good Will Hunting Boston
59%
Ace Ventura: Pet Detective / Scarface Miami
58%
Rocky / Best in Show Philadelphia
58%
Amadeus / The Illusionist Vienna
58%
Gran Torino / RoboCop Detroit
53%
The Hangover Part II / Kickboxer Bangkok
47%
The Girl with the Dragon Tattoo / Let the Right One In Stockholm
44%
The Prime of Miss Jean Brodie / Trainspotting Edinburgh
42%
Anchorman / Top Gun San Diego
40%
Hurt Locker / Green Zone Baghdad
39%
Bloodsport / Enter the Dragon Hong Kong
39%
City of God / Fast Five Rio de Janeiro
39%
Cabaret / Run Lola Run Berlin
35%
Dirty Harry / The Maltese Falcon San Francisco
33%
The Count of Monte Cristo / The Transporter Marseille
21%
No matching quizzes found
Score Distribution
Percent of People with Each Score
Percentile by Number Answered
Your Score History
You have not taken this quiz since the last reset